00613nam a2200217 a 4500001001300000003000900013005001700022008004100039020001000080082001600090245001800106260003000124500003500154505001900189650002300208710001800231902000800249942000700257952011600264999001500380nice12345678IN_TiNIC20260116011808.0050524s0000 egya grp 000 0 ara  ac10000a232.96bMIS aQissatul Amar aEgyptbMatba-E-Neelc0000 aincludes index and biblioraphy2 aReserve copies aJesus Christ-Death2 aMission Press bSRS cBK 001040708StackRoom-aHMIbHMId2007-06-19g100.00l0o232.96 MISp05177r2007-06-19v100.00w2005-05-24yBK c4024d4024